[Event "Schachschule Erlangen op"]
[Site "Erlangen"]
[Date "1997.??.??"]
[Round "4"]
[White "Cunningham, Michael"]
[Black "Glitz, Martin"]
[Result "0-1"]
[WhiteElo "1704"]
[BlackElo "2010"]
[PlyCount "106"]
[EventDate "1997.10.31"]
[EventType "swiss"]
[EventRounds "5"]
[EventCountry "GER"]
[SourceTitle "EXT 1999"]
[Source "ChessBase"]
[SourceDate "1998.11.16"]
[SourceVersion "1"]
[SourceVersionDate "1998.11.16"]
[SourceQuality "1"]

1. b3 d5 2. Bb2 Bg4 3. h3 Bh5 4. Nf3 e6 5. e3 Nd7 6. c4 c6 7. d4 Ngf6 8. Be2 Bb4+ 9. Nbd2 Ne4 10. g4 Bg6 11. a3 Bxd2+ 12. Nxd2 f5 13. Nxe4 fxe4 14. h4 h6 15. Kd2 Qf6 16. Qg1 0-0-0 17. Qg3 Rhf8 18. Rhf1 Bh7 19. cxd5 exd5 20. Rac1 g5 21. hxg5 hxg5 22. Rc2 Nb6 23. a4 Kd7 24. a5 Na8 25. Ba3 Rf7 26. Rc5 Nc7 27. Bb4 a6 28. Rc2 Bg6 29. Ke1 Rh8 30. Bc5 Rfh7 31. Rg1 Rh2 32. Bb6 Ne6 33. Rg2 R2h3 34. Qe5 Qxe5 35. dxe5 Nf8 36. Bc5 Ke6 37. Bd6 Nd7 38. Bxa6 Rh1+ 39. Ke2 bxa6 40. Rxc6 Nxe5 41. Bxe5+ Kxe5 42. Rxg6 Rc8 43. f4+ gxf4 44. exf4+ Kd4 45. Kf2 Rc2+ 46. Kg3 Rc3+ 47. Kf2 Rf3+ 48. Ke2 Rxb3 49. Kf2 Ra1 50. f5 Rf3+ 51. Ke2 Ra2+ 52. Ke1 Rxg2 53. f6 e3 0-1

[Event "Schachschule Erlangen op"]
[Site "Erlangen"]
[Date "1997.??.??"]
[Round "1"]
[White "Cunningham, Michael"]
[Black "Loos, Roland"]
[Result "0-1"]
[WhiteElo "1704"]
[BlackElo "2210"]
[PlyCount "84"]
[EventDate "1997.10.31"]
[EventType "swiss"]
[EventRounds "5"]
[EventCountry "GER"]
[SourceTitle "EXT 1999"]
[Source "ChessBase"]
[SourceDate "1998.11.16"]
[SourceVersion "1"]
[SourceVersionDate "1998.11.16"]
[SourceQuality "1"]

1. b3 Nf6 2. Bb2 d5 3. e3 g6 4. c4 Bg7 5. Nf3 0-0 6. d4 b6 7. Nbd2 Bb7 8. Be2 Nbd7 9. 0-0 Rc8 10. Rc1 c5 11. h3 e6 12. Ne5 dxc4 13. Nexc4 Qe7 14. Bf3 Bxf3 15. Qxf3 Nd5 16. Ne4 b5 17. Ne5 f5 18. Nd2 Nxe5 19. dxe5 Nb4 20. Qe2 Rfd8 21. Rcd1 Qb7 22. f4 Nxa2 23. Nf3 Nb4 24. Rxd8+ Rxd8 25. Rd1 Rxd1+ 26. Qxd1 Qd5 27. Qe2 a6 28. Qf2 Qxb3 29. Qh4 Nc6 30. Qf2 Qd1+ 31. Kh2 a5 32. Bc3 b4 33. Qa2 Qd5 34. Qb2 bxc3 35. Qb7 h6 36. Nh4 c2 37. Qc8+ Nd8 38. Nxg6 Bf8 39. Qa6 c1Q 40. e4 fxe4 41. f5 Qd4 42. Qb5 Qcg1+ 0-1